000 00544nam a2200205 a 4500
001 0001-1525
003 ELIB.Books
008 170522 2010 eng
020 _a9780785263524
092 _a658.314
_bMAX
100 _aMaxwell, John C.
245 _aEquipping 101
_bWhat Every Leader Needs To Know
260 _aNashville
_bThomas Nelson
_c2003
300 _a102
_c16.2 cm
650 _aTeams In The Workplace
942 _2ddc
_cBK
990 _a1
998 _aEnglishbooks.elf
_ccat
_e2017-05-22
999 _c11525
_d11525